MDQL
is popping MORE tags! Check the
thread
!
Quizzes
Events
Quiz Creation
Community
Videos
Private Events
Remove Ads
Sign In
Join for FREE
Feedback
Dark Mode
Quiz Categories
Sports
Geography
Music
Movies
Television
Just For Fun
Miscellaneous
History
Literature
Language
Science
Gaming
Entertainment
Religion
Holiday
For Kids
Quiz Lab
Recent
Popular Today
Quiz Kudos Today
Editor Picks
Curator Picks
Quizzes by...
Day
Popularity
Type
Ratings
Length
Year
Community
Subscriptions
Recent Discussions
Orange Saloon
Badges
Playlists
Quests
Create
Leaderboards
Showdown
Live 5
Trivia Bingo
Activity
Puzzle Library
Sporcle Events
Private Events
Virtual Trivia
Globe League
Become a Host
Pub Owners
SporcleCon
Opinionation
Our Games
Videos
Blog
Mobile Apps
Partnerships
Remove Ads and Go Orange
Feedback
Miscellaneous
Crossword
General Knowledge
Baby Names
Logo
Food
Cars
Numbers
Grab Bag
University
College
Popular
Company
Slogans
Restaurants
Justice
Letter
Miscellaneous
Crossword
General Knowledge
Baby Names
Logo
Food
Cars
Numbers
Grab Bag
University
College
Popular
Company
Slogans
Restaurants
Justice
Letter
Random Quiz
Search Sporcle
×
Quiz Lab
Quiz Lab
Miscellaneous
touch
Type in answers that appear in a list
Type in answers that appear in a list
Classic
Best Score? Go Orange.
How 'Touch'ing Stats
Can you name the words or phrases that contain the word 'touch'?
By
Valvados
7m
30 Questions
139 Plays
139 Plays
139 Plays
Comments
Comments
Give Quiz Kudos
Give Quiz Kudos
-
- Ratings
hide this ad
Replay
Link that replays current quiz
Next Quiz
Link to next quiz in quiz playlist
You Got
0%
They Got
Avg Score
46%
Avg Friend Score
Upgrade to see
Score Distribution
Jump to the score distribution portion of the page
Score
0/30
Timer
07:00
0
Plays Today
Clue
Answer
% Correct
In American football, the most common way of scoring six points
Touchdown
95.7%
It replaces a mouse on most laptops
Touchpad
86.3%
In both fencing and debate, an acknowledgement of a scored point
Touché
77%
Easily irritated, aggravated, or annoyed
Touchy
76.3%
In 'I Believe I Can Fly,' the three-
word phrase that R. Kelly also believes he can do
Touch the Sky
74.8%
A quick fix of a small problem, such as a scratch on a car's paint
Touch Up
71.9%
Religious CBS drama series starring Roma Downey and Della Reese
Touched by an Angel
70.5%
Interactive control feature of the Nintendo DS and many smartphones
Touchscreen
64%
It's what MC Hammer told you, homeboy
U Can't Touch This
61.9%
1969 hit by The Doors (can't you see that Jim Morrison is unafraid?)
Touch Me
58.3%
Technological successor of the rotary dial
Touch Tone
58.3%
Unfamiliar with the common culture or mood (often applied to politicians)
Out of Touch
56.8%
In American football, a punt or kickoff that goes into the end zone
Touchback
55.4%
To briefly or fleetingly comment on a topic
Touch On
54%
Precarious and uncertain, often used to refer to medical patients in critical condition
Touch and Go
52.5%
Clue
Answer
% Correct
Without any tactile physical contact (often found paired with 'car wash')
Touchless
46%
Disney-
subsidiary film label often associated with Jerry Bruckheimer
Touchstone Pictures
42.4%
The ability to use a computer keyboard without looking at it
Touch Typing
35.3%
A 'golden' gift for success in various endeavors
Midas Touch
34.5%
A skateboarding trick, or a particularly high cheerleading or dance kick
Toe Touch
33.1%
Sport-
derived phrase meaning 'to briefly communicate'
Touch Base
28.8%
What bringing up a particularly sensetive or divisive subject can do
Touch a Nerve
28.1%
Stanley Jordan's debut album, or an ability to just make something work
Magic Touch
23%
Location of contact between a business and its customers during transactions
Touchpoint
22.3%
Raunchy 1999 hit by the Bloodhound Gang
The Bad Touch
21.6%
An emotionally-
powerful or uplifting scene
Heart Touching
15.1%
To incite, particularly in an already volatile situation
Touch Off
13.7%
Orson Welles' 1958 film noir classic starring Charlton Heston as a Mexican lawman
Touch of Evil
10.8%
According to Electric Six, one of the times when there's 'Danger! High voltage!'
When We Touch
10.1%
1973 British romantic comedy starring George Segal and Glenda Jackson
A Touch of Class
7.2%
Quiz Playlist
Details
Report
Send in Message
Add To Playlist
Classic:
Type in answers that appear in a list
Last Updated: Feb 16, 2017
Quiz Scoreboard
CHALLENGE
Sign Up to Join the Scoreboard
Show All
Scores
Hide
Comments
May contain spoilers
Recently Published
Colored Red Africa Blitz
by spor1
Geography
30s
Find the 'City' Movie
by crazypaving
Movies
60s
5x2 Blitz: Bands
by SL_Kpop136
Music
30s
More to Explore
Quiz From the Vault
Featured Blog Post
14 Easter Pick-up Lines to Find Eggs With
hide this ad
You Might Also Like...
Tags
phrase
touch
Touching
Today's Top Quizzes in Miscellaneous
Browse Miscellaneous
hide this ad
Today's Top Quizzes in touch
Browse touch
Top Contributed Quizzes in Miscellaneous
1
The JOE quick-fire general knowledge quiz: Day 174
2
5-to-1: Fast Food
3
9x9 Crossword: Disney Movie Titles
4
9x9 Crossword: Charlie and the Chocolate Factory
5
9x9 Crossword: Actors
6
9x9 Crossword: 2022 Movies
7
9x9 Crossword: The Simpsons
8
9x9 Crossword: Pixar Movie Titles
9
The JOE quick-fire general knowledge quiz: Day 173
10
9x9 Crossword: Flags
Explore More
Trending Topics
NBA
Disney
Crossword
Anime
Harry Potter
Kpop
Marvel
The Office
Pokémon
Puzzle
WWE
Country
Song
Soccer
NFL
hide this ad
More By:
Valvados
Quiz
Plays
Rating
Category
Featured
Created
What's Missing? (Geography)
144,452
4.67
Geography
Apr 4, 2011
Game Show by Bonus Round
103,827
4.10
Television
Sep 14, 2010
Historical Events of 1996
41,827
4.11
History
Apr 6, 2010
More Than One Way to Skin a Boss
4,811
3.73
Gaming
Sep 8, 2010
Horrible Family Feud Answers
3,777
3.92
Television
Sep 20, 2010
Go to Creator's Profile
Score Distribution
Quiz Creator Spotlight
Valvados
Follow
Send a Message
Quizzes Created
-
Created Quiz Play Count
-
More By This Creator
Popular Quizzes Today
1
Colored Red Africa Blitz
2
Find the 'City' Movie
3
5x2 Blitz: Bands
4
Find the US States - No Outlines Minefield
5
The Countries of the World
6
Find the US States
7
US States
8
Find the Countries of Europe - No Outlines Minefield
More Miscellaneous Quizzes
Identify the Colors
Published
Trending Quizzes
Colored Red Europe Blitz I
Colored Red Europe Blitz II
Colored Red Africa Blitz II
Colored Red Europe Blitz III
Colored Red Africa Blitz III
Recently Updated
How Do You Spell That?
pecheneg
Godzilla Movies
pecheneg
Grab Bag: 4-10 Letters
pecheneg
2024 March Madness Bracket
pecheneg
Famous TV Couples
Peacemaker
Champions League XIs: Real Madrid
pecheneg
Largest US Cities 1790-2010
pecheneg
Rides in Walt Disney World
pecheneg
Most Oscar Losses (Acting)
pecheneg
Beyoncé Albums
pecheneg
Trending Topics
Harry Potter
Crossword
Kpop
Disney
NBA
Anime
Marvel
Puzzle
NFL
Soccer
Song
Country
The Office
Pokémon
WWE
Your Account Isn't Verified!
In order to create a playlist on Sporcle, you need to verify the email address you used during registration. Go to your
Sporcle Settings
to finish the process.
Report this User
Report this user for behavior that violates our
Community Guidelines
.
Details:
Send Report
Go to the Sporcle.com Mobile Site →
Comments